Radikálové zosietenie tenzidov a PEG vo vodných roztokoch radioaktívnym žiarením Co60 ; L. Novák, V. Macho, B. Kráľ, M. Paulovič, V. Matejeková

Bibliographic Details
Main Authors: Novák, L. (Author), Macho, Vendelín, 1931-2011 (Author), Kráľ, B. (Author), Paulovič, M. (Author), Matejeková, Viera (Author)
Format: Article
Language:Slovak
PhysicalDescription:Obr. 2., lit. 44 zázn. v slov., angl., nem.
Subjects:

MARC

LEADER 00000nab a2200000 a 4500
001 vtls000215455
003 SK-MaSNL
005 20260302203845.0
008 160204c1984 xo 0 slo
015 |a SNBRA19rr/mm-uuuuu 
035 |a CL0225569 
040 |a SNKBUCL  |b slo  |c SNKBUCL  |e AACR2 
041 0 |a slo 
044 |a xo  |c SK 
080 |a 661.185.6:539.16  |2 1981 
080 |a 539.16  |2 1981 
245 0 0 |a Radikálové zosietenie tenzidov a PEG vo vodných roztokoch radioaktívnym žiarením Co60 ; L. Novák, V. Macho, B. Kráľ, M. Paulovič, V. Matejeková 
300 |b Obr. 2., lit. 44 zázn. v slov., angl., nem. 
650 0 7 |a tenzidy  |2 SNK  |9 26024 
650 0 7 |a rádioaktívne žiarenie  |2 SNKPH  |9 68998 
655 7 |a články zo zborníkov  |2 SNKPH  |9 166140 
700 1 |a Novák, L.  |4 aut  |9 124441 
700 1 |a Macho, Vendelín,  |d 1931-2011  |4 aut  |9 159871 
700 1 |a Kráľ, B.  |4 aut  |9 898738 
700 1 |a Paulovič, M.  |4 aut  |9 386922 
700 1 |a Matejeková, Viera  |4 aut  |9 375230 
773 0 |t Osemnásty celoštátny seminár o chémii alkylénoxidov a ich derivátov  |d Nováky : Pobočka ČSVTS pri CHZWP, 1984  |g S. 186-197 
850 |a Slovenská národná knižnica v Martine  |a MTA001 
852 |a SNK  |b KIS3GCP 
958 |a NB 
958 |a RK 
992 |a RZB 
999 |c 1470913  |d 1472843